Population profile of scheduled castes in orissa / (Record no. 158206)
[ view plain ]
| 000 -LEADER | |
|---|---|
| fixed length control field | 00941nam a22002657a 4500 |
| 005 - DATE AND TIME OF LATEST TRANSACTION | |
| control field | 20181020155412.0 |
| 010 ## - LCCN (DPL NO) | |
| LC control number | ENG-124349 |
| 020 ## - INTERNATIONAL STANDARD BOOK NUMBER | |
| International Standard Book Number | 9789380705101 |
| Terms of availability | 250.00 |
| 020 ## - INTERNATIONAL STANDARD BOOK NUMBER | |
| International Standard Book Number | 9789380705064 |
| 035 ## - SYSTEM CONTROL NUMBER | |
| System control number | EN-107881 |
| 037 ## - SOURCE OF ACQUISITION | |
| Source of stock number/acquisition | DBAD/PUB |
| 082 ## - DEWEY DECIMAL CLASSIFICATION NUMBER | |
| Classification number | 305.5688 |
| 245 10 - TITLE STATEMENT | |
| Title | Population profile of scheduled castes in orissa / |
| Statement of responsibility, etc | ed. by A.B.Ota; B.N. Mohanty [and] S.C Mohanty; compiled by Sridhar Panda...[et...all] |
| 260 ## - PUBLICATION, DISTRIBUTION, ETC. (IMPRINT) | |
| Place of publication, distribution, etc | Bhubaneswar (Orisa) |
| Name of publisher, distributor, etc | Schedueld Castes and Scheduled Tribes Research and Training Institute |
| Date of publication, distribution, etc | 2011 |
| 270 ## - ADDRESS | |
| Address | Goverment of Orissa, C.R.P.F. Square, |
| City | Bhubaneswar (Orisa) |
| Postal code | 751003 |
| 300 ## - PHYSICAL DESCRIPTION | |
| Extent | 267p. |
| Dimensions | 25cm(Hb) |
| 500 ## - GENERAL NOTE | |
| General note | It includes references. |
| 650 ## - SUBJECT ADDED ENTRY--TOPICAL TERM | |
| Topical term or geographic name as entry element | Cities and towns. |
| 650 ## - SUBJECT ADDED ENTRY--TOPICAL TERM | |
| Topical term or geographic name as entry element | Cities and towns |
| Form subdivision | Pictorial works. |
| 700 ## - ADDED ENTRY--PERSONAL NAME | |
| Personal name | Ota A.B. |
| 700 ## - ADDED ENTRY--PERSONAL NAME | |
| Personal name | Mohanty B.N. |
| 700 ## - ADDED ENTRY--PERSONAL NAME | |
| Personal name | Mohanty S.C. |
| 700 ## - ADDED ENTRY--PERSONAL NAME | |
| Personal name | Panda Sridhar |
| 942 ## - ADDED ENTRY ELEMENTS (KOHA) | |
| Source of classification or shelving scheme | Dewey Decimal Classification |
| Item type | English Books |
| Call number suffix | POP |
| Classification part | 305.5688 |
| Withdrawn status | Lost status | Not for loan | Collection code | Home library | Current library | Date acquired | Source of acquisition | Cost, normal purchase price | Full call number | Barcode | Copy number | Cost, replacement price | Koha item type |
|---|---|---|---|---|---|---|---|---|---|---|---|---|---|
| Not For Loan | Non-fiction | D.B.Act.Division | Bawana | 20/10/2018 | DBAD/PUB | 250.00 | 305.5688 POP | EN-107881 | 1 | 250.00 | English Books |
